Football : Pour qui ai-je joué le plus de matchs ? #2 - Statistiques

Statistiques générales
  • Ce quiz a été pris 128 fois
  • Le résultat moyen est 4 sur 10
Statistiques - réponses
Question Réponse % Correct
James Milner Liverpool
84%
Ashley Cole Chelsea
61%
Samir Nasri Manchester City
52%
Marco Van Basten Milan AC
52%
Pierre-Emerick Aubameyang Borussia Dortmund
42%
Francesc Fabregas Arsenal
35%
Miroslav Klose Lazio Rome
29%
Yoann Gourcuff Olympique Lyonnais
26%
Jules Koundé FC Séville
23%
Hulk Athletico Mineiro
13%
Aucun quiz correspondant
Distribution des résultats
% des personnes avec chaque résultat
Percentile par nombre de réponses
Votre historique - résultats
Vous n’avez pas pris ce quiz